000 00190 a2200097 4500
020 _a033500865480
041 _aeng
100 _aRichard Scarrys
245 _aBest Storybook Ever
942 _cK
999 _c30404
_d30402